00394nam a2200121Ia 4500001000800000005001700008008004100025020001800066245005900084260001900143999002100162952008900183127224120260417151424.0260417s9999 xx 000 0 und d a9786257854634 0aBiri Sırtımı Kaşıyabilir Mi Lütfen?cJory John bKetebe Çocuk c1272241d1272241 00104070a1109b1109d2026-04-17l0p11092189r2026-04-17 15:14:24w2026-04-17yBK